Introducción a la estereoquímica /

Guardado en:
Autor Principal: Garbarino, Juan A.
Formato: Libro
Publicado: Washington : O.e.a., 1975
Materias:
Etiquetas: Agregar Etiqueta
Sin Etiquetas, Sea el primero en etiquetar este registro!
LEADER 00478nam a22001695a 4500
001 CEM.cems002691
005 20060217000000.0
008 130507s1975##################000#0#####d
003 CEMS
082 0 4 |a 547.2 
100 1 |a Garbarino, Juan A. 
245 1 0 |a Introducción a la estereoquímica /  |c Juan A. Garbarino 
260 |a Washington :  |b O.e.a.,  |c 1975 
300 |a 83 p. 
653 |a Quimica 
653 |a Quimica organica 
859 |a CEMS  |b BIB. CEMS - 11 de abril  |h 547.2  |i G163  |p 9943.81  |t Ej.1